000 00535nam a2200205Ia 4500
003 GCL
008 140319s9999 xx 000 0 eng d
020 _a1857151097
040 _aGCL /
_cGCL
082 0 4 _a823
_bA N
100 1 _aAUSTEN, JANE
245 1 0 _aNORTHANGER ABBEY /
_cAUSTEN, JANE
260 _aانجلترا :
_bEVERYMAN'S LIBRARY ،
_c1992
300 _a22 CM ؛
_c241 P
490 _aTHE MILLENNIUM LIBRARY
_v0
650 0 4 _aENGLISH LITERATURE
650 0 4 _aENGLISH FICTION
650 0 4 _aFICTION
942 _2ddc
_cBK
999 _c3196
_d3196